STRATEGIC MANAGEMENT: ANALYSIS, IMPLEMENTATION,CONTROL (Record no. 10649)

MARC details
000 -LEADER
fixed length control field 00369nam a22001577a 4500
003 - CONTROL NUMBER IDENTIFIER
control field SGT
020 ## - INTERNATIONAL STANDARD BOOK NUMBER
International Standard Book Number 9788125942672
082 ## - DEWEY DECIMAL CLASSIFICATION NUMBER
Classification number 658.4012 NAG
100 ## - MAIN ENTRY--PERSONAL NAME
Personal name NAG,A
245 ## - TITLE STATEMENT
Title STRATEGIC MANAGEMENT: ANALYSIS, IMPLEMENTATION,CONTROL
250 ## - EDITION STATEMENT
Edition statement 1ST
260 ## - PUBLICATION, DISTRIBUTION, ETC. (IMPRINT)
Place of publication, distribution, etc NEW DELHI
Name of publisher, distributor, etc VIKAS
Year of Publication 2011
300 ## - PAGE DESCRIPTION
No. of Pages 610
650 ## - SUBJECT ADDED ENTRY--TOPICAL TERM
Topical term or geographic name as entry element STRATEGIC MANAGEMENT
942 ## - ADDED ENTRY ELEMENTS (KOHA)
Source of classification or shelving scheme Dewey Decimal Classification
Koha item type FCM Books
942 ## - ADDED ENTRY ELEMENTS (KOHA)
-- 2
Holdings
Withdrawn status Lost status Source of classification or shelving scheme Damaged status Not for loan Collection code Home library Current library Shelving location Date acquired Vendor Name Cost, normal purchase price SGTU Bill Number Full call number Accession No. (Barcode) Date last seen Bill Date Koha item type Total Checkouts Date last borrowed
    Dewey Decimal Classification   Not For Loan COMMERCE MANAGEMENT SGT Science & Social Sciences Library SGT Science & Social Sciences Library Reference Book 28/01/2017 INDIAN PUBLISHERS & DISTRIBUTORS 465.00 SGTU 117 658.4012 NAG CM3289 28/01/2017 20/12/2016 FCM Books    
    Dewey Decimal Classification     COMMERCE MANAGEMENT SGT Science & Social Sciences Library SGT Science & Social Sciences Library On Display 28/01/2017 INDIAN PUBLISHERS & DISTRIBUTORS 465.00 SGTU 117 658.4012 NAG CM3290 22/04/2023 20/12/2016 FCM Books 4 10/04/2023
    Dewey Decimal Classification     COMMERCE MANAGEMENT SGT Science & Social Sciences Library SGT Science & Social Sciences Library On Display 28/01/2017 INDIAN PUBLISHERS & DISTRIBUTORS 465.00 SGTU 117 658.4012 NAG CM3291 15/07/2021 20/12/2016 FCM Books 2 12/04/2021
    Dewey Decimal Classification     COMMERCE MANAGEMENT SGT Science & Social Sciences Library SGT Science & Social Sciences Library On Display 28/01/2017 INDIAN PUBLISHERS & DISTRIBUTORS 465.00 SGTU 117 658.4012 NAG CM3292 08/12/2017 20/12/2016 FCM Books 5 04/12/2017